000 00418nam a2200181Ia 4500
001 25454
005 20260414151151.0
008 260414t2007||||xx |||||||||||||| ||spa||
041 _aESP
082 _a346.5
_bV86
100 _aVon Tuhr, A
_eAUT
245 0 _aTratado de las obligaciones
_b
260 _c2007
300 _a545 páginas :
_c24 cm.
650 _aDER
654 _aCDE
942 _cLIB
_dJUS
_fJUS
_2ddc
_n
999 _c25454
_d25454